Responses for Show #1227 - Tuesday, December 26, 1989

Contestants

[<< previous game]

Barry Molitch, a retired stagehand from Incline Village, Nevada

Donna Grant, a model from Brooklyn, New York

Barbara Skolaut, a maintenance planner from Richmond, Virginia

[next game >>]

Jeopardy! Round responses

'89 ANNIVERSARIES
FAMOUS QUOTES
INVENTIONS
AUTOBIOGRAPHIES
ZOOLOGY
"BABY" SONGS
    $100 11
Neil Armstrong

Donna
    $100 17
The Beholder

Donna
    $100 9
Stop Light/Traffic Signal

Donna
    $100 21
Yvonne DeCarlo

Barbara
    $100 1
a centipede

Donna
    $100 2
"And Baby makes three"

Barbara
    $200 12
Ford Mustang

Donna
    $200 16
Cigar

Barbara
    $200 10
Thermometer

Donna
    $200 22
(Barbara: Who is William Randolph Hearst?)

Howard Hughes

Barbara
Triple Stumper
    $200 3
Vicuna

Barbara
    $200 5
"Ooh, baby, baby can't you hear my heart beat"

Donna
    $300 13
Cooperstown, New York

Donna
    $300 18
Plato

Donna
    $300 23
(Alex: Minute to go in the round.)

George Eastman

Barry
    $300 25
Mamie Van Doren

Triple Stumper
    $300 4
Chest-beating

Donna
    $300 6
(Barbara: What is "Rock-a-bye my baby"?)

"Rock-a-bye your baby"

BarbaraBarry
    $400 14
Gustave Eiffel

Donna
    $400 19
Truckin'

Barry
    $400 27
Velcro

Barbara
    $400 24
Fay Wray

Barry
    $400 28
Piranhas

Barbara
    $400 7
(Barry: What is "Since I lost my baby"?)

"Since my baby left me"

Barry
Triple Stumper
    $500 15
Oklahoma

Barry
    $500 20
Oscar Wilde

Barbara
    $500 30
The War Department

Triple Stumper
    $500 26
Oliver Reed

Barry
    $500 29
Bear

Barbara
    $500 8
[Sung by Peter Frampton]
(Barry: I haven't the faintest idea!)

"Baby, I Love Your Way"

Barry

Scores at the first commercial break (after clue 10):

Barbara Donna Barry
$0 $900 -$600

Scores at the end of the Jeopardy! Round:

Barbara Donna Barry
$1,900 $2,300 $1,500

Double Jeopardy! Round responses

FIRST LADIES
ACTORS & THEIR ROLES
ITALIAN HISTORY
ISLANDS
POETRY
SUPERSTITIONS
    $200 25
Barbara Bush

Barbara
    $200 1
Hunter

Barbara
    $200 21
Rome

Barbara
    $200 2
Aleutians

Donna
    $200 7
Song

Barbara
    $200 14
Mirror

Barry
    $400 26
Nancy Reagan

Barbara
    $400 3
Gigi

Donna
    $400 22
(Alex: Minute to go.)

Germany

Barbara
    $400 8
Santa Catalina Island

Barry
    $400 9
'"The Rime of the Ancient Mariner"

Barry
    $400 15
Wishbone

Barbara
    $600 4
Jayne Mansfield

Donna
    $600 23
(Barbara: Who are the Borgias?)

The Medicis

BarbaraDonna
    $600 11
(Barbara: What is Long Island?)
(Barry: What is Staten Island?)

Coney Island

BarbaraBarry
Triple Stumper
    $600 10
"Annabel Lee"

Barbara
    $600 17
Howling

Barry
    $800 5
"Tootsie"

Barry
    $800 24
Etruscans

Barry
    $800 12
Pitcairn Island

Barry
    $800 13
(Donna: What is little cats' feet?)
(Alex: We'll accept that.)

little cat feet

Donna
    $800 18
Umbrella

Barry
    $1000 6
"Stand And Deliver"

Barry
    $1000 27
[The end-of-round signal sounds.]

"The die is cast"

Barry
    $2,000 16
Martinique

Barbara
    $1,000 20
Robert Frost

Barbara
    $1000 19
lighting three on a match

Barbara

Scores at the end of the Double Jeopardy! Round:

Barbara Donna Barry
$7,300 $4,900 $7,700

[wagering suggestions for these scores]

Final Jeopardy! Round responses

TEXAS
DonnaWhat are roses?
$4,800
BarbaraWhat are flags?
$2,600
BarryWhat are Flags?
$7,000
Flags (Six flags over Texas)

Final scores:

Barbara Donna Barry
$9,900 $100 $14,700
2nd place: Trip to Miami & Caribbean Cruise 3rd place: Maple Leaf boullion investment coins New champion: $14,700

Game dynamics:

Coryat scores:

Barbara Donna Barry
$6,300 $4,900 $8,200
19 R
(including 2 DDs),
4 W
16 R,
0 W
16 R,
3 W
(including 1 DD)

Combined Coryat: $19,400

[game clues] [game scores] [suggest correction]

Game tape date: 1989-09-11
The J! Archive is created by fans, for fans. Scraping, republication, monetization, and malicious use prohibited; this site may use cookies and collect identifying information. See terms. The Jeopardy! game show and all elements thereof, including but not limited to copyright and trademark thereto, are the property of Jeopardy Productions, Inc. and are protected under law. This website is not affiliated with, sponsored by, or operated by Jeopardy Productions, Inc. Join the discussion at JBoard.tv.